Illustrated Guide to Aerodynamics (Record no. 270163)
[ view plain ]
| 000 -LEADER | |
|---|---|
| fixed length control field | 00285 a2200109 4500 |
| 001 - CONTROL NUMBER | |
| control field | 35090 |
| 090 ## - LOCALLY ASSIGNED LC-TYPE CALL NUMBER (OCLC); LOCAL CALL NUMBER (RLIN) | |
| -- | 23236 |
| -- | 23236 |
| 100 ## - MAIN ENTRY--PERSONAL NAME | |
| Personal name | Hubert Smith |
| 245 ## - TITLE STATEMENT | |
| Title | Illustrated Guide to Aerodynamics |
| Statement of responsibility, etc. | Hubert Smith |
| 260 ## - PUBLICATION, DISTRIBUTION, ETC. | |
| Place of publication, distribution, etc. | USA |
| Name of publisher, distributor, etc. | Tab Books USA |
| Date of publication, distribution, etc. | 1985 |
| 300 ## - PHYSICAL DESCRIPTION | |
| Extent | x, 227 pages : illustrations ; 24 cm |
| 942 ## - ADDED ENTRY ELEMENTS (KOHA) | |
| Institution code [OBSOLETE] | NUST-CAE |
| Withdrawn status | Lost status | Damaged status | Not for loan | Collection code | Permanent Location | Current Location | Date acquired | Total Checkouts | Barcode | Date last seen | Price effective from | Koha item type |
|---|---|---|---|---|---|---|---|---|---|---|---|---|
| College of Aeronautical Engineering (CAE) | College of Aeronautical Engineering (CAE) | 04/03/2017 | CAE32597 | 04/05/2017 | 04/05/2017 | Book | ||||||
| College of Aeronautical Engineering (CAE) | College of Aeronautical Engineering (CAE) | 04/03/2017 | CAE56958 | 04/05/2017 | 04/05/2017 | Book |
